Normal view MARC view
  • Estrada Rodríguez, Gerardo,

Entry Nombre Personal

Number of records used in: 1

001 - NUMERO DE CONTROL

  • campo de control: 45463

003 - IDENTIFICADOR DE NUMERO DE CONTROL

  • campo de control: DLC

005 - FECHA Y HORA DE LA ÜLTIMA TRANSACCIÓN

  • campo de control: 20220819103546.0

008 - DATOS DE LONGITUD FIJA

  • campo de control de longitud fija: 220819n| azannaabn |a aaa c

010 ## - NÚMERO DE CONTROL DE LA BIBLIOTECA DEL CONGRESO

  • Número de control LC: no 96024492

035 ## - NUMERO DE CONTROL

  • Número de control: (OCoLC)oca04075777

040 ## - FUENTE DE CATALOGACIÓN

  • Agencia original de catalogación: TNJ
  • Lenguaje de catalogación: spa
  • Description conventions: rda
  • Agencia de transcripción: TNJ
  • Agencia que lo modifica: OCoLC
  • Agencia que lo modifica: CSt
  • Agencia que lo modifica: CU-A
  • Agencia que lo modifica: MX-MxUPN

046 ## - FECHAS CON CODIFICACIÓN ESPECIAL

  • Fecha de nacimiento: 1946
  • Fuente del formato de fecha: edtf

100 1# - ENCABEZAMIENTO - NOMBRE PERSONAL

  • Nombre personal: Estrada Rodríguez, Gerardo,
  • Fechas asociadas con el nombre: 1946-

373 ## - GRUPO ASOCIADO

  • Associated group: Instituto Nacional de Bellas Artes (México)
  • Fuente del término: naf

377 ## - LENGUA ASOCIADA

  • Language code: spa

400 1# - VEÁSE - NOMBRE DE PERSONA

  • Personal name: Rodríguez, Gerardo Estrada,
  • Dates associated with a name: 1946-

400 1# - VEÁSE - NOMBRE DE PERSONA

  • Personal name: Estrada, Gerardo,
  • Dates associated with a name: 1946-

670 ## - FUENTE EN LA QUE SE LOCALIZARON DATOS

  • Cita de la fuente: Visión contemporánea de la plástica de la revolución mexicana, 199-:
  • Información localizada: portada (Dr. Gerardo Estrada Rodríguez) página 2 (associated with Instituto Nacional de Bellas Artes, México)

670 ## - FUENTE EN LA QUE SE LOCALIZARON DATOS

  • Cita de la fuente: 1968, estado y universidad, 2004:
  • Información localizada: t.p. (Gerardo Estrada) front flap of cover (Gerardo Estrada Rodríguez; b. 1946)

670 ## - FUENTE EN LA QUE SE LOCALIZARON DATOS

  • Cita de la fuente: El espíritu del 68, 2019:
  • Información localizada: title page (Gerardo Estrada Rodríguez)

902 ## - CATALOGADOR

  • Catalogador: NDAF/190822